| 000 | 00481nam a2200157 a 4500 | ||
|---|---|---|---|
| 001 | BRCA_1304 | ||
| 005 | 20190320203351.0 | ||
| 008 | 300508s1982----mx-a---###---#000-0#spa-# | ||
| 050 | 4 |
_aTS2010 _b.C37 1982 |
|
| 245 | 1 | 0 | _aCarruajes del segundo tercio del siglo XIX. |
| 260 |
_aMéxico _b[s.n] _c1982 |
||
| 300 |
_a16 hojas sueltas _bil. a color, 14 láminas _c27 cm. |
||
| 650 | 1 | 4 |
_aCarruajes _ySiglo XIX _zMéxico _94272 |
| 650 | 1 | 4 |
_aTransporte _xHistoria _zMéxico _9715 |
| 942 |
_2lcc _cB |
||
| 999 |
_c1170 _d1170 |
||